Responses for show #2079 - Thursday, September 23, 1993

Contestants

[<< previous game]

Chuck Geneslaw, a pediatrician from Toms River, New Jersey

Tim Sheehan, a sales rep from Exton, Pennsylvania

Dave Osborne, a television production assistant from Chicago, Illinois (whose 1-day cash winnings total $9,199)

[next game >>]

Jeopardy! Round responses

U.S. CITIES
THE EMMY AWARDS
THE GRAPHIC ARTS
THE HEART
FLAGS
ITALIAN 101
    $100 9
New York

Tim
    $100 1
Burt Reynolds

Dave
    $100 14
pens

Tim
    $100 5
blood

Chuck
    $100 15
Japan

Dave
    $100 24
Switzerland

Dave
    $200 10
Boston

Tim
    $200 2
Taxi

Dave
    $200 16
(1 of) red (blue, yellow & black)

Tim
    $200 6
pacemaker

Chuck
    $200 17
South Africa

Tim
    $200 26
babies (children)

Tim
    $300 11
Salt Lake City

Chuck
    $300 3
(Tim: Who is Agnes Moorehead?)
...
(Alex: Who was the lady that played Aunt Clara, [*]?)

Marion Lorne

Tim
Triple Stumper
    $300 19
(Chuck: What is technical drawing?)

mechanical drawing

TimChuck
    $300 7
nitroglycerin

Dave
    $300 18
Hong Kong

Dave
    $300 27
fried

Tim
    $400 12
(Tim: What is Nashville?)

Baltimore

DaveTim
    $400 4
Cheers

Chuck
    $400 25
touch-up (retouch)

Tim
    $400 22
systole

Chuck
    $400 20
Mexico

Tim
    $400 28
(Dave: What are the seven hills of Rome?)

days of the week

DaveTim
    $500 13
Cincinnati

Triple Stumper
    $500 8
(Chuck: Who is Estelle Getty?)
(Dave: Who is Beatrice Arthur?)

Betty White

DaveChuck
Triple Stumper
    $500 30
bleed

Chuck
    $500 23
digitalis

Chuck
    $500 21
Liberia

Chuck
    $500 29
silk

Tim

Scores at the first commercial break (after clue 15):

Dave Tim Chuck
$600 -$300 $500

Scores at the end of the Jeopardy! Round:

Dave Tim Chuck
$600 $2,600 $2,100

Double Jeopardy! Round responses

MEMOIRS
ROCK TRIVIA
RECENT HISTORY
MAGAZINES
THEATRE
KINGS & QUEENS
    $200 1
Samuel Clemens (Mark Twain)

Tim
    $200 2
John Lennon

Dave
    $200 10
Martin Luther King

Dave
    $200 15
Fortune

Tim
    $200 19
Godot

Chuck
    $200 26
Marie Antoinette

Chuck
    $400 3
Lionel Hampton

Dave
    $400 7
"Splish Splash"

Dave
    $400 11
(Clarence) Thomas

Dave
    $400 16
Groucho

Tim
    $400 22
(Alexandre) Dumas

Dave
    $400 27
Juan Carlos

Tim
    $600 4
Katharine Hepburn

Dave
    $600 8
"Monster Mash"

Tim
    $600 12
Canterbury Cathedral (Archbishop of Canterbury)

Tim
    $600 17
Forbes

Tim
    $600 23
Barrymores

Dave
    $600 28
Greece

Chuck
    $800 5
John Dean

Dave
    $800 9
(Tim: Uh..."Who Wrote the Book of Love?")

"Why Do Fools Fall in Love"

Tim
Triple Stumper
    $800 13
Netherlands

Tim
    $800 18
Helen Gurley Brown

Dave
    $1,000 24
Noel Coward

Dave
    $800 29
(Tim: What is Hungary?)

Albania

Tim
Triple Stumper
    $1,000 6
(Dave: Who is F. Scott Fitzgerald?)

Sheilah Graham

Dave
    $1000 20
"Wipe Out"

Tim
    $1000 14
Francisco "Chico" Mendes

Triple Stumper
    $1000 21
Jim Fowler

Dave
    $1000 25
Harold Pinter

Triple Stumper
    $1000 30
Henry VII (Henry Tudor)

Triple Stumper

Scores at the end of the Double Jeopardy! Round:

Dave Tim Chuck
$6,400 $5,800 $3,100

[wagering suggestions for these scores]

Final Jeopardy! Round responses

SCIENTISTS
ChuckWho is Alex Trebec
$3,099
TimWho is Steven Fog
$5,800
DaveWho is Galbreath
$5,199
Stephen Hawking

Final scores:

Dave Tim Chuck
$1,201 $0 $1
2-day champion: $10,400 3rd place: New Home Memory Craft 4000 sewing machine + computerized version of Jeopardy! or Jeopardy! home game 2nd place: trip on TWA to Tampa, Florida & stay at Safety Harbor Spa & Fitness Center + computerized version of Jeopardy! or Jeopardy! home game

Game dynamics:

Coryat scores:

Dave Tim Chuck
$7,200 $5,800 $3,100
19 R
(including 1 DD),
3 W
(including 1 DD)
21 R,
4 W
11 R
(including 1 DD),
2 W

Combined Coryat: $16,100

The J! Archive is created by fans, for fans. Scraping, republication, monetization, and malicious use prohibited; this site may use cookies and collect identifying information. See terms. The Jeopardy! game show and all elements thereof, including but not limited to copyright and trademark thereto, are the property of Jeopardy Productions, Inc. and are protected under law. This website is not affiliated with, sponsored by, or operated by Jeopardy Productions, Inc. Join the discussion at JBoard.tv.